000 00671nam a2200229 i 4500
001 bg
100 1 _aPRZYGOCKI, Władysław
245 1 0 _aFizyka polimerów :
_bwybrane zagadnienia /
_cWładysław Przygocki, Andrzej Włochowicz.
260 _aWarszawa :
_bWydaw. Naukowe PWN,
_c2001.
300 _a368 s. :
_bil. ;
_c24 cm.
504 _aBibliogr. przy rozdz. - Indeks.
650 9 _aPolimery
_xfizyka
655 _aPodręczniki akademickie
700 1 _aWŁOCHOWICZ, Andrzej
020 _a8301133031
040 _cBPK
041 0 _apl
080 _a678.7:539.2](075.8)
920 _a83-01-13303-1
942 _cKS
008 s pl f |000 0 pol
999 _c40704
_d40704
856 _uhttp://koha.tu.koszalin.pl/cgi-bin/koha/opac-detail.pl?biblionumber=40704
_yKatalog online BPK